<A> dictionary of diplomacy
Na minha lista:
| Autor principal: | |
|---|---|
| Outros Autores: | |
| Formato: | Livro |
| Idioma: | inglês |
| Publicado em: |
New York
Palgrave
2001
|
| Assuntos: | |
| Tags: |
Sem tags, seja o primeiro a adicionar uma tag!
|
MARC
| LEADER | 00000nam a2200000 4500 | ||
|---|---|---|---|
| 001 | c137809 | ||
| 005 | 20221124105112.3 | ||
| 020 | |a 0-333-76496-X | ||
| 041 | 0 | |a eng | |
| 044 | |a US | ||
| 245 | 1 | 0 | |a <A> dictionary of diplomacy |c G.R. Berridge, Alan James |
| 264 | 1 | |a New York |b Palgrave |c 2001 | |
| 300 | |a 270 s. | ||
| 610 | 2 | 0 | |a diplomacia |
| 610 | 2 | 0 | |a terminológia |
| 100 | 1 | |a Berridge, G.R. | |
| 700 | 1 | |a James, Alan | |